[Event "Titled Tuesday intern Qual4 25th April"]
[Site "Chess.com INT"]
[Date "2017.04.25"]
[Round "8"]
[White "Fernandez, Gumersindo"]
[Black "Tristan, Leonardo"]
[Result "0-1"]
[WhiteElo "2277"]
[BlackElo "2458"]
[PlyCount "84"]
[EventDate "2017.04.25"]
[EventType "swiss (blitz)"]
[EventRounds "10"]
[EventCountry "USA"]
[SourceTitle "EXT 2021"]
[Source "ChessBase"]
[SourceDate "2020.10.23"]
[SourceVersion "1"]
[SourceVersionDate "2020.10.23"]
[SourceQuality "1"]

1. d4 Nf6 2. c4 e6 3. Nc3 Bb4 4. Qc2 0-0 5. a3 Bxc3+ 6. Qxc3 d5 7. Bg5 dxc4 8. Qxc4 b6 9. Rd1 Ba6 10. Qa4 Qd7 11. Qxd7 Nbxd7 12. e3 Bxf1 13. Kxf1 Rac8 14. Bxf6 Nxf6 15. Ne2 c5 16. dxc5 Rxc5 17. Nc3 b5 18. Ke2 a5 19. Rc1 Rg5 20. g3 Rf5 21. f4 Rh5 22. h3 Rb8 23. g4 Rc5 24. Na2 Rd5 25. Rhd1 h6 26. Nc3 Rc5 27. Na2 Rxc1 28. Rxc1 g5 29. fxg5 hxg5 30. Rc5 Nd5 31. Nc3 Nxc3+ 32. Rxc3 Kg7 33. Rc5 Kg6 34. Kf3 a4 35. e4 b4 36. axb4 Rxb4 37. Rc2 Kf6 38. Ke3 Rb3+ 39. Kd4 Rxh3 40. e5+ Kg6 41. Kc5 Re3 42. Kd4 Rg3 0-1

[Event "Titled Tuesday intern Qual4 25th April"]
[Site "Chess.com INT"]
[Date "2017.04.25"]
[Round "9"]
[White "Fernandez, Gumersindo"]
[Black "Villegas, Pierre"]
[Result "1/2-1/2"]
[WhiteElo "2278"]
[BlackElo "2290"]
[PlyCount "37"]
[EventDate "2017.04.25"]
[EventType "swiss (blitz)"]
[EventRounds "10"]
[EventCountry "USA"]
[SourceTitle "EXT 2021"]
[Source "ChessBase"]
[SourceDate "2020.10.23"]
[SourceVersion "1"]
[SourceVersionDate "2020.10.23"]
[SourceQuality "1"]

1. d4 Nf6 2. c4 e6 3. Nc3 Bb4 4. Qc2 0-0 5. a3 Bxc3+ 6. Qxc3 d5 7. Bg5 dxc4 8. Qxc4 b6 9. Rd1 Ba6 10. Qa4 h6 11. Bxf6 Qxf6 12. Nf3 c5 13. e3 Bxf1 14. Kxf1 cxd4 15. Qxd4 Qxd4 16. Nxd4 Rc8 17. Ke2 Nc6 18. Nxc6 Rxc6 19. Rc1 1/2-1/2

[Event "Titled Tuesday intern Qual4 25th April"]
[Site "Chess.com INT"]
[Date "2017.04.25"]
[Round "5"]
[White "Stromboli, Ettore"]
[Black "Fernandez, Gumersindo"]
[Result "1/2-1/2"]
[WhiteElo "2306"]
[BlackElo "2277"]
[PlyCount "90"]
[EventDate "2017.04.25"]
[EventType "swiss (blitz)"]
[EventRounds "10"]
[EventCountry "USA"]
[SourceTitle "EXT 2021"]
[Source "ChessBase"]
[SourceDate "2020.10.23"]
[SourceVersion "1"]
[SourceVersionDate "2020.10.23"]
[SourceQuality "1"]

1. e4 e5 2. Nf3 Nc6 3. Bb5 a6 4. Bxc6 dxc6 5. 0-0 f6 6. Qe2 c5 7. Rd1 Bd6 8. c3 Bg4 9. h3 Bh5 10. d4 cxd4 11. cxd4 exd4 12. g4 Bf7 13. Nxd4 Ne7 14. Nc3 0-0 15. Be3 Qb8 16. Qf3 c5 17. Nde2 b5 18. Bf4 Bxf4 19. Nxf4 Nc6 20. Qe3 Nd4 21. Rac1 Re8 22. Nce2 Nxe2+ 23. Nxe2 Qe5 24. Rxc5 Qxb2 25. Rd2 Qb1+ 26. Kh2 Qxe4 27. Qxe4 Rxe4 28. Rc7 Rae8 29. Rdd7 Rxe2 30. Rxf7 Rxf2+ 31. Kg3 Rxa2 32. Rxg7+ Kh8 33. Rxh7+ Kg8 34. Rcg7+ Kf8 35. Rf7+ Kg8 36. Rfg7+ Kf8 37. Ra7 Kg8 38. Kh4 Ra3 39. Rag7+ Kf8 40. Rf7+ Kg8 41. Rfg7+ Kf8 42. Rb7 Kg8 43. Rhg7+ Kh8 44. Rh7+ Kg8 45. Rbg7+ Kf8 1/2-1/2

[Event "Titled Tuesday intern Qual1 4th April"]
[Site "Chess.com INT"]
[Date "2017.04.04"]
[Round "1"]
[White "Fernandez, Gumersindo"]
[Black "Norowitz, Yaacov"]
[Result "0-1"]
[WhiteElo "2299"]
[BlackElo "2429"]
[PlyCount "64"]
[EventDate "2017.04.04"]
[EventType "swiss (blitz)"]
[EventRounds "10"]
[EventCountry "USA"]
[SourceTitle "EXT 2021"]
[Source "ChessBase"]
[SourceDate "2020.10.23"]
[SourceVersion "1"]
[SourceVersionDate "2020.10.23"]
[SourceQuality "1"]

1. d4 Nf6 2. c4 e5 3. dxe5 Ne4 4. a3 d6 5. Nf3 Bf5 6. e3 Nc6 7. Nbd2 dxe5 8. Nxe4 Qxd1+ 9. Kxd1 Bxe4 10. Be2 0-0-0+ 11. Ke1 Na5 12. Nd2 Bxg2 13. Rg1 Bh3 14. b4 Nc6 15. Bb2 f6 16. c5 a5 17. Bc3 Be6 18. Bc4 Bxc4 19. Nxc4 Rd3 20. Bd2 g6 21. Ke2 e4 22. Rac1 axb4 23. axb4 f5 24. Ra1 Bg7 25. Ra2 Rb3 26. h4 Nxb4 27. Ra8+ Kd7 28. Ra7 Nc6 29. Ra4 Rb5 30. h5 Rxc5 31. hxg6 b5 32. gxh7 Rxh7 0-1

[Event "Titled Tuesday intern Qual1 4th April"]
[Site "Chess.com INT"]
[Date "2017.04.04"]
[Round "5"]
[White "Reimanis, Ritvars"]
[Black "Fernandez, Gumersindo"]
[Result "1-0"]
[WhiteElo "2285"]
[BlackElo "2302"]
[PlyCount "112"]
[EventDate "2017.04.04"]
[EventType "swiss (blitz)"]
[EventRounds "10"]
[EventCountry "USA"]
[SourceTitle "EXT 2021"]
[Source "ChessBase"]
[SourceDate "2020.10.23"]
[SourceVersion "1"]
[SourceVersionDate "2020.10.23"]
[SourceQuality "1"]

1. d4 d5 2. c4 c6 3. Nf3 Nf6 4. e3 e6 5. b3 Nbd7 6. Bd3 b6 7. 0-0 Bb7 8. cxd5 exd5 9. Bb2 Bd6 10. Ne5 0-0 11. f4 c5 12. Nc3 a6 13. a4 Rc8 14. Rf3 c4 15. Bc2 Bb4 16. bxc4 dxc4 17. Rh3 Bxc3 18. Bxc3 g6 19. f5 Ne4 20. fxg6 fxg6 21. Bb4 Nxe5 22. Bxf8 Qxf8 23. Bxe4 Bxe4 24. dxe5 c3 25. Rc1 c2 26. Qd4 Qa3 27. Qd2 b5 28. Rh4 Bd3 29. Rd4 Rc3 30. axb5 axb5 31. e6 b4 32. Rd8+ Kg7 33. e7 Bb5 34. e8Q Bxe8 35. Rxe8 Rc7 36. Rxc2 Qa1+ 37. Kf2 Rf7+ 38. Kg3 Qa5 39. Qd4+ Kh6 40. Qh4+ Kg7 41. Qd4+ Kh6 42. Re5 Qa4 43. Rc4 Qa2 44. Rxb4 Qf2+ 45. Kh3 Rf3+ 46. gxf3 Qxf3+ 47. Kh4 Qf2+ 48. Kg4 Qe2+ 49. Kg3 Qe1+ 50. Kf3 Qf1+ 51. Ke4 Qg2+ 52. Kd3 Qf1+ 53. Kc3 Qc1+ 54. Kb3 Qb1+ 55. Kc4 Qc2+ 56. Kd5 Qg2+ 1-0

[Event "Titled Tuesday intern op 7th Febr"]
[Site "Chess.com INT"]
[Date "2017.02.07"]
[Round "4"]
[White "Fernandez, Gumersindo"]
[Black "Rozum, Ivan"]
[Result "0-1"]
[WhiteElo "2348"]
[BlackElo "2601"]
[PlyCount "102"]
[EventDate "2017.02.07"]
[EventType "swiss (blitz)"]
[EventRounds "9"]
[EventCountry "USA"]
[SourceTitle "EXT 2021"]
[Source "ChessBase"]
[SourceDate "2020.10.23"]
[SourceVersion "1"]
[SourceVersionDate "2020.10.23"]
[SourceQuality "1"]

1. d4 Nf6 2. c4 e6 3. Nc3 d5 4. cxd5 exd5 5. Bg5 Be7 6. e3 c6 7. Bd3 Nbd7 8. Qc2 Nh5 9. Bxe7 Qxe7 10. Nf3 Nb6 11. 0-0 Bg4 12. Ne5 Be6 13. a4 a5 14. Rae1 Nf6 15. f3 Nbd7 16. f4 g6 17. e4 dxe4 18. Nxe4 Nxe4 19. Bxe4 Nxe5 20. dxe5 Qb4 21. Re3 0-0-0 22. Rc3 Rd4 23. Re1 Rhd8 24. h3 Rd2 25. Qc1 Qxb2 26. Qxb2 Rxb2 27. Rc5 Rdd2 28. Rxa5 Bd5 29. Bxd5 cxd5 30. e6 Rxg2+ 31. Kh1 Rh2+ 32. Kg1 fxe6 33. Rxe6 Rbg2+ 34. Kf1 Rd2 35. Kg1 Rhg2+ 36. Kh1 Rgf2 37. Kg1 Rxf4 38. Re7 Kb8 39. Rb5 Rc4 40. Rbxb7+ Kc8 41. Kf1 Rc1+ 42. Re1 Rxe1+ 43. Kxe1 Kxb7 44. Kxd2 g5 45. Kd3 h5 46. Kd4 Kc6 47. a5 h4 48. a6 g4 49. hxg4 h3 50. g5 h2 51. g6 h1Q 0-1

[Event "Titled Tuesday intern op 7th Febr"]
[Site "Chess.com INT"]
[Date "2017.02.07"]
[Round "1"]
[White "Hansen, Eric"]
[Black "Fernandez, Gumersindo"]
[Result "1-0"]
[WhiteElo "2616"]
[BlackElo "2349"]
[PlyCount "145"]
[EventDate "2017.02.07"]
[EventType "swiss (blitz)"]
[EventRounds "9"]
[EventCountry "USA"]
[SourceTitle "EXT 2021"]
[Source "ChessBase"]
[SourceDate "2020.10.23"]
[SourceVersion "1"]
[SourceVersionDate "2020.10.23"]
[SourceQuality "1"]

1. e4 e5 2. Nf3 Nc6 3. Bb5 a6 4. Ba4 Nf6 5. 0-0 Be7 6. Re1 b5 7. Bb3 d6 8. c3 0-0 9. h3 Na5 10. Bc2 c5 11. d4 Qc7 12. Nbd2 Bd7 13. Nf1 Rfe8 14. Ng3 Nc6 15. d5 Na5 16. b3 c4 17. Bd2 Rac8 18. Rc1 h6 19. Nh2 Bf8 20. Qf3 Qd8 21. Nf5 Bxf5 22. Qxf5 Qd7 23. Qf3 Be7 24. b4 Nb7 25. a4 Ra8 26. Ra1 a5 27. axb5 axb4 28. cxb4 Qxb5 29. Nf1 Rec8 30. Bc3 Bd8 31. Ne3 Bb6 32. Nf5 Bd8 33. Qg3 Ne8 34. Nxh6+ Kf8 35. Nf5 g6 36. Ne3 Bb6 37. Ng4 Qd7 38. Qh4 Kg8 39. Nh6+ Kg7 40. Ng4 Bd8 41. Qh6+ Kg8 42. Qe3 f6 43. Ra7 Rxa7 44. Qxa7 Nc5 45. Ra1 Rc7 46. Qa8 Nb3 47. Ra3 Rc8 48. Qa7 Qxa7 49. Rxa7 Bb6 50. Re7 Kf8 51. Rb7 Bd4 52. Nh6 Rc7 53. Rxc7 Nxc7 54. Be1 Nc1 55. Kf1 c3 56. Ng4 Na2 57. Ke2 Nxb4 58. Kd1 Kf7 59. Ba4 f5 60. Ne3 Bxe3 61. fxe3 fxe4 62. Bxc3 Nbxd5 63. Bd2 Ne6 64. Bc6 Ne7 65. Bxe4 Nf5 66. g4 Nh4 67. Be1 g5 68. Ke2 Kf6 69. Bb4 Nc5 70. Bxc5 dxc5 71. Kd3 Ke6 72. Kc4 Kd6 73. Kb5 1-0

[Event "Titled Tuesday intern op 2nd Febr"]
[Site "Chess.com INT"]
[Date "2016.02.02"]
[Round "8"]
[White "Fernandez, Gumersindo"]
[Black "Klekowski, Maciej"]
[Result "0-1"]
[WhiteElo "2230"]
[BlackElo "2439"]
[PlyCount "62"]
[EventDate "2016.02.02"]
[EventType "swiss (blitz)"]
[EventRounds "9"]
[EventCountry "USA"]
[SourceTitle "EXT 2021"]
[Source "ChessBase"]
[SourceDate "2020.10.23"]
[SourceVersion "1"]
[SourceVersionDate "2020.10.23"]
[SourceQuality "1"]

1. d4 d5 2. c4 e6 3. Nc3 Bb4 4. cxd5 exd5 5. Nf3 Nf6 6. Bg5 h6 7. Bxf6 Qxf6 8. Qa4+ Nc6 9. e3 0-0 10. Be2 Be6 11. 0-0 a6 12. Rfc1 Bd6 13. Qd1 g5 14. g3 Kg7 15. Na4 Ne7 16. Nc5 Bc8 17. Nd3 Ng6 18. Rc3 c6 19. b4 h5 20. a4 h4 21. Rb1 Rh8 22. b5 axb5 23. axb5 hxg3 24. hxg3 Qf5 25. Bf1 g4 26. Nfe1 Bd7 27. bxc6 bxc6 28. Nc5 Bxg3 29. fxg3 Rh1+ 30. Kxh1 Qxf1+ 31. Kh2 Rh8# 0-1

[Event "Titled Tuesday intern op 2nd Febr"]
[Site "Chess.com INT"]
[Date "2016.02.02"]
[Round "5"]
[White "Osinovsky, Stepan"]
[Black "Fernandez, Gumersindo"]
[Result "1/2-1/2"]
[WhiteElo "2241"]
[BlackElo "2249"]
[PlyCount "67"]
[EventDate "2016.02.02"]
[EventType "swiss (blitz)"]
[EventRounds "9"]
[EventCountry "USA"]
[SourceTitle "EXT 2021"]
[Source "ChessBase"]
[SourceDate "2020.10.23"]
[SourceVersion "1"]
[SourceVersionDate "2020.10.23"]
[SourceQuality "1"]

1. e4 c6 2. d4 d5 3. exd5 cxd5 4. c3 Nc6 5. Nf3 Bg4 6. Qb3 Rb8 7. Bf4 Bxf3 8. Bxb8 Qxb8 9. gxf3 Nf6 10. Bb5 Qc7 11. c4 e6 12. Nc3 dxc4 13. Qxc4 Be7 14. 0-0-0 0-0 15. Kb1 Rc8 16. d5 exd5 17. Nxd5 Nxd5 18. Rxd5 Bf6 19. Rhd1 Qxh2 20. Bxc6 bxc6 21. Qxc6 Rf8 22. Qc5 Qb8 23. R1d2 h6 24. a3 Rc8 25. Qd6 Qb3 26. Rc5 Rb8 27. Qd7 Qxf3 28. Rc8+ Rxc8 29. Qxc8+ Kh7 30. Qc2+ g6 31. Rd7 Kg7 32. Qc4 Qf5+ 33. Qd3 Qxf2 34. Qd2 1/2-1/2

[Event "Titled Tuesday intern op 5th Jan"]
[Site "Chess.com INT"]
[Date "2016.01.05"]
[Round "8"]
[White "Fernandez, Gumersindo"]
[Black "Ehlvest, Jaan"]
[Result "0-1"]
[WhiteElo "2282"]
[BlackElo "2524"]
[PlyCount "68"]
[EventDate "2016.01.05"]
[EventType "swiss (blitz)"]
[EventRounds "9"]
[EventCountry "USA"]
[SourceTitle "EXT 2021"]
[Source "ChessBase"]
[SourceDate "2020.10.23"]
[SourceVersion "1"]
[SourceVersionDate "2020.10.23"]
[SourceQuality "1"]

1. d4 Nf6 2. c4 g6 3. Nc3 Bg7 4. e4 d6 5. Nf3 0-0 6. Be2 Bg4 7. Ng1 Bd7 8. Be3 Na6 9. h3 c5 10. d5 e6 11. Nf3 exd5 12. cxd5 Re8 13. Nd2 b5 14. Nxb5 Nxe4 15. Nxe4 Rxe4 16. Nc3 Rxe3 17. fxe3 Qh4+ 18. Kf1 c4 19. Qe1 Qg5 20. Qf2 Nc5 21. Qf4 Qe7 22. Bxc4 Rb8 23. Nd1 Rb4 24. Rc1 Nd3 25. Bxd3 Rxf4+ 26. exf4 Qh4 27. Rc4 Qg3 28. Nf2 Bxb2 29. h4 h5 30. Be2 Kg7 31. Rc2 Bd4 32. Bf3 Qxf4 33. Kg1 Bf5 34. Rc7 Qg3 0-1

[Event "Titled Tuesday intern op 1st Dec"]
[Site "Chess.com INT"]
[Date "2015.12.01"]
[Round "2"]
[White "Arnaudov, Petar G"]
[Black "Fernandez, Gumersindo"]
[Result "1-0"]
[WhiteElo "2464"]
[BlackElo "2192"]
[PlyCount "75"]
[EventDate "2015.12.01"]
[EventType "swiss (blitz)"]
[EventRounds "9"]
[EventCountry "USA"]
[SourceTitle "EXT 2021"]
[Source "ChessBase"]
[SourceDate "2020.10.23"]
[SourceVersion "1"]
[SourceVersionDate "2020.10.23"]
[SourceQuality "1"]

1. d4 d5 2. c4 c6 3. Nf3 Nf6 4. Nc3 dxc4 5. e3 Bf5 6. Bxc4 e6 7. 0-0 h6 8. Qe2 Ne4 9. Rd1 Be7 10. Nxe4 Bxe4 11. Ne5 0-0 12. f3 Bh7 13. e4 c5 14. Be3 Qc7 15. Rac1 Nc6 16. Nxc6 Qxc6 17. Bb5 Qc7 18. dxc5 Rfd8 19. b4 a5 20. a3 axb4 21. axb4 Bf6 22. Rxd8+ Rxd8 23. Rd1 Ra8 24. Qd2 Be5 25. g3 g5 26. Qd7 Bxg3 27. Qxc7 Bxc7 28. Rd7 Rc8 29. Bd4 g4 30. Kg2 gxf3+ 31. Kxf3 Bg6 32. Bf6 Kh7 33. e5 Bh5+ 34. Ke3 Bg6 35. h4 Bf5 36. h5 Kg8 37. Be2 b6 38. Ba6 1-0

[Event "Titled Tuesday intern op 1st Dec"]
[Site "Chess.com INT"]
[Date "2015.12.01"]
[Round "8"]
[White "Englert, Fabian"]
[Black "Fernandez, Gumersindo"]
[Result "1-0"]
[WhiteElo "2350"]
[BlackElo "2196"]
[PlyCount "81"]
[EventDate "2015.12.01"]
[EventType "swiss (blitz)"]
[EventRounds "9"]
[EventCountry "USA"]
[SourceTitle "EXT 2021"]
[Source "ChessBase"]
[SourceDate "2020.10.23"]
[SourceVersion "1"]
[SourceVersionDate "2020.10.23"]
[SourceQuality "1"]

1. Nf3 d5 2. g3 Nf6 3. Bg2 e6 4. 0-0 Be7 5. c4 0-0 6. b3 c5 7. e3 Nc6 8. Bb2 b6 9. Nc3 Bb7 10. cxd5 exd5 11. d4 c4 12. bxc4 dxc4 13. e4 a6 14. Qe2 b5 15. Rfd1 Nb4 16. Ne1 Re8 17. a3 Nc6 18. e5 Nd7 19. e6 Nf6 20. d5 Na5 21. exf7+ Kxf7 22. Qe6+ Kf8 23. d6 Bxd6 24. Qxd6+ Qxd6 25. Rxd6 Bxg2 26. Nxg2 Nb3 27. Rad1 Reb8 28. Nd5 Ne4 29. Rd7 Nbc5 30. Bxg7+ Ke8 31. Re7+ Kd8 32. Rxe4 Nxe4 33. Nf6+ Ke7 34. Nxe4 a5 35. Nf4 b4 36. Bf6+ Kf7 37. Rd7+ Ke8 38. Re7+ Kf8 39. Ne6+ Kg8 40. Rg7+ Kh8 41. Rg6# 1-0

[Event "Titled Tuesday intern op1 1st Dec"]
[Site "Chess.com INT"]
[Date "2015.12.01"]
[Round "8"]
[White "Fernandez, Gumersindo"]
[Black "Lopez Idarraga, Daniel Eduardo"]
[Result "0-1"]
[WhiteElo "2193"]
[BlackElo "2078"]
[PlyCount "126"]
[EventDate "2015.12.01"]
[EventType "swiss (blitz)"]
[EventRounds "9"]
[EventCountry "USA"]
[SourceTitle "EXT 2021"]
[Source "ChessBase"]
[SourceDate "2020.10.23"]
[SourceVersion "1"]
[SourceVersionDate "2020.10.23"]
[SourceQuality "1"]

1. d4 g6 2. Nf3 Nf6 3. c4 Bg7 4. Nc3 0-0 5. e4 d6 6. Be2 Na6 7. 0-0 e5 8. Be3 Ng4 9. Bg5 Qe8 10. h3 f6 11. Bc1 Nh6 12. Be3 Nf7 13. Rb1 f5 14. d5 f4 15. Bc1 g5 16. Nh2 Nc5 17. b4 Nd7 18. Bh5 Nf6 19. Be2 Nh6 20. f3 Nf7 21. c5 h5 22. Nb5 Qe7 23. cxd6 cxd6 24. Bd2 Nh6 25. Rc1 g4 26. hxg4 hxg4 27. fxg4 Nxe4 28. Nc7 Rb8 29. Bf3 Nxd2 30. Qxd2 Qh4 31. Ne6 Rf7 32. Qd3 Bd7 33. Rc2 Rf6 34. g5 Bxe6 35. gxf6 Bf5 36. Be4 Qxf6 37. Rfc1 Rf8 38. Bxf5 Nxf5 39. Rc8 Ng3 40. Rxf8+ Bxf8 41. Rc7 e4 42. Qd1 Bg7 43. Rc8+ Kh7 44. Nf1 Qd4+ 45. Qxd4 Bxd4+ 46. Kh2 Nxf1+ 47. Kh3 e3 48. Re8 Be5 49. Rc8 e2 50. Rc1 Bc3 51. Kg4 e1Q 52. Rxe1 Bxe1 53. Kxf4 Bxb4 54. Kf5 Kg7 55. Ke6 Kg6 56. Kd7 b6 57. Kc6 Bc5 58. a4 a5 59. Kb5 Kf5 60. Ka6 Kg4 61. Kb7 Kg3 62. Ka8 Kxg2 63. Kb7 Kf3 0-1

[Event "Titled Tuesday intern op 1st Dec"]
[Site "Chess.com INT"]
[Date "2015.12.01"]
[Round "9"]
[White "Fernandez, Gumersindo"]
[Black "Makarenko, Alexandra"]
[Result "1-0"]
[WhiteElo "2201"]
[BlackElo "2252"]
[PlyCount "159"]
[EventDate "2015.12.01"]
[EventType "swiss (blitz)"]
[EventRounds "9"]
[EventCountry "USA"]
[SourceTitle "EXT 2021"]
[Source "ChessBase"]
[SourceDate "2020.10.23"]
[SourceVersion "1"]
[SourceVersionDate "2020.10.23"]
[SourceQuality "1"]

1. d4 Nf6 2. c4 c5 3. d5 d6 4. Nc3 g6 5. e4 Bg7 6. h3 e6 7. Nf3 exd5 8. cxd5 0-0 9. Bd3 b5 10. 0-0 b4 11. Ne2 Ba6 12. Ng3 c4 13. Be2 Nbd7 14. a3 b3 15. Nd2 Rc8 16. Nxb3 cxb3 17. Bxa6 Nc5 18. Bxc8 Qxc8 19. Re1 Qa6 20. Bd2 Nd3 21. Qxb3 Nxe1 22. Rxe1 Nd7 23. Bc3 Nc5 24. Qc2 Rb8 25. Bxg7 Kxg7 26. e5 Qd3 27. Qe2 Qxd5 28. exd6 Qxd6 29. b4 Ne6 30. Rd1 Qf4 31. Ne4 Rc8 32. Qb2+ Kh6 33. f3 Qe3+ 34. Qf2 Qxa3 35. Qh4+ Kg7 36. Qf6+ Kg8 37. Rd7 Qe3+ 38. Kh2 Qf4+ 39. Qxf4 Nxf4 40. Rxf7 Nxg2 41. Rxa7 Ne3 42. Nf6+ Kf8 43. Nxh7+ Ke8 44. Nf6+ Kf8 45. Kg3 Rc4 46. b5 Nf5+ 47. Kf2 Rc2+ 48. Ke1 Ne3 49. Ne4 Ng2+ 50. Kf1 Ne3+ 51. Kg1 Rg2+ 52. Kh1 Rb2 53. Nd6 Nf1 54. Rf7+ Kg8 55. Rb7 Ng3+ 56. Kg1 Ne2+ 57. Kf2 Nd4+ 58. Ke3 Ne6 59. b6 Rb3+ 60. Kf2 Nc5 61. Rb8+ Kg7 62. b7 Rb2+ 63. Ke3 Rb6 64. Rc8 Rxd6 65. Rxc5 Rb6 66. Rc7+ Kh6 67. Kd4 Kg5 68. Kc5 Rb1 69. Rf7 Kh4 70. Kc6 Kxh3 71. Kc7 Rc1+ 72. Kd8 Rb1 73. Kc8 Rc1+ 74. Rc7 Rb1 75. b8Q Rxb8+ 76. Kxb8 g5 77. Rg7 Kg3 78. Rxg5+ Kxf3 79. Kc7 Kf4 80. Ra5 1-0

[Event "Titled Tuesday intern op1 1st Dec"]
[Site "Chess.com INT"]
[Date "2015.12.01"]
[Round "1"]
[White "Fernandez, Gumersindo"]
[Black "Sevian, Samuel"]
[Result "0-1"]
[WhiteElo "2199"]
[BlackElo "2578"]
[PlyCount "112"]
[EventDate "2015.12.01"]
[EventType "swiss (blitz)"]
[EventRounds "9"]
[EventCountry "USA"]
[SourceTitle "EXT 2021"]
[Source "ChessBase"]
[SourceDate "2020.10.23"]
[SourceVersion "1"]
[SourceVersionDate "2020.10.23"]
[SourceQuality "1"]

1. d4 b5 2. e3 Bb7 3. Nf3 a6 4. a4 b4 5. Nbd2 Nf6 6. Be2 e6 7. 0-0 g5 8. c4 g4 9. Ne1 h5 10. f3 g3 11. h3 d5 12. c5 Nc6 13. Nd3 Nd7 14. f4 h4 15. Nf3 f5 16. Nfe5 Ndxe5 17. fxe5 Qd7 18. Bh5+ Kd8 19. Nf4 a5 20. Be2 Bh6 21. Bb5 Kc8 22. Qd3 Kb8 23. Bd2 Rg8 24. Rac1 Qe7 25. Nh5 Ka7 26. Nf6 Rg6 27. Nh5 Rag8 28. Nf4 R6g7 29. Ra1 Nb8 30. Qe2 c6 31. Bd3 Nd7 32. Qe1 Nf8 33. Bxb4 axb4 34. Qxb4 Qd8 35. a5 Bxf4 36. exf4 Bc8 37. a6 Qc7 38. Rfc1 Qb8 39. Qa3 Ng6 40. Rc3 Nxf4 41. Rb3 Bd7 42. Rxb8 Rxb8 43. Bf1 Be8 44. b4 Ng6 45. b5 cxb5 46. c6 Bxc6 47. Qc5+ Rb6 48. Be2 Rd7 49. Bh5 Nf4 50. Be8 Rc7 51. Qd6 Rc8 52. Qe7+ Ka8 53. Bxc6+ Rcxc6 54. Qf8+ Rb8 55. Qe7 b4 56. a7 Rbc8 0-1

[Event "Titled Tuesday intern op 6th Oct"]
[Site "Chess.com INT"]
[Date "2015.10.06"]
[Round "5"]
[White "Fernandez, Gumersindo"]
[Black "Smith, Tommy"]
[Result "1-0"]
[WhiteElo "2153"]
[BlackElo "1972"]
[PlyCount "97"]
[EventDate "2015.10.06"]
[EventType "swiss (blitz)"]
[EventRounds "9"]
[EventCountry "USA"]
[SourceTitle "EXT 2021"]
[Source "ChessBase"]
[SourceDate "2020.10.23"]
[SourceVersion "1"]
[SourceVersionDate "2020.10.23"]
[SourceQuality "1"]

1. d4 e6 2. c4 f5 3. Nf3 Nf6 4. g3 Be7 5. Bg2 d6 6. 0-0 0-0 7. Nc3 Ne4 8. Qc2 Nxc3 9. Qxc3 Bf6 10. Qc2 a5 11. b3 Nc6 12. Bb2 Qe8 13. d5 Nb4 14. Qd2 Bxb2 15. Qxb2 exd5 16. a3 Na6 17. cxd5 f4 18. Nd4 Qe5 19. Rad1 Nc5 20. Rb1 Bd7 21. Qd2 Rae8 22. b4 axb4 23. axb4 Ne4 24. Qd3 fxg3 25. hxg3 c6 26. dxc6 bxc6 27. Nf3 Qh5 28. Nh4 d5 29. Nf3 Bh3 30. Rbc1 Bxg2 31. Kxg2 Qh6 32. Rh1 Qg6 33. b5 cxb5 34. Qxd5+ Kh8 35. Qxb5 h6 36. Rc6 Qf7 37. Qd3 Qe7 38. Rc4 Qb7 39. Qd4 Kg8 40. Rb4 Qc6 41. Rb6 Qa8 42. Rhxh6 Ng5 43. Rbg6 Ne6 44. Rxe6 Rxe6 45. Rxe6 Qb7 46. Qe4 Qf7 47. Re7 Qf6 48. Qe6+ Qxe6 49. Rxe6 1-0

[Event "Titled Tuesday intern op 3rd March"]
[Site "Chess.com INT"]
[Date "2015.03.03"]
[Round "2"]
[White "Fernandez, Gumersindo"]
[Black "Barria Zuniga, Daniel"]
[Result "0-1"]
[WhiteElo "2096"]
[BlackElo "2414"]
[PlyCount "42"]
[EventDate "2015.03.03"]
[EventType "swiss (blitz)"]
[EventRounds "9"]
[EventCountry "USA"]
[SourceTitle "EXT 2021"]
[Source "ChessBase"]
[SourceDate "2020.10.23"]
[SourceVersion "1"]
[SourceVersionDate "2020.10.23"]
[SourceQuality "1"]

1. d4 c5 2. d5 Nf6 3. Nc3 d6 4. e4 g6 5. h3 Bg7 6. Nf3 0-0 7. a4 e6 8. dxe6 Bxe6 9. Be2 Nc6 10. 0-0 Nb4 11. Be3 b6 12. a5 d5 13. exd5 Nfxd5 14. Nxd5 Nxd5 15. Bc1 Qc7 16. axb6 axb6 17. Rxa8 Rxa8 18. Bc4 Rd8 19. Qe2 h6 20. Rd1 Kh7 21. b3 Nc3 0-1

[Event "Titled Tuesday intern op 3rd March"]
[Site "Chess.com INT"]
[Date "2015.03.03"]
[Round "6"]
[White "Fernandez, Gumersindo"]
[Black "Clarke, Brandon GI"]
[Result "0-1"]
[WhiteElo "2097"]
[BlackElo "2158"]
[PlyCount "108"]
[EventDate "2015.03.03"]
[EventType "swiss (blitz)"]
[EventRounds "9"]
[EventCountry "USA"]
[SourceTitle "EXT 2021"]
[Source "ChessBase"]
[SourceDate "2020.10.23"]
[SourceVersion "1"]
[SourceVersionDate "2020.10.23"]
[SourceQuality "1"]

1. d4 e6 2. c4 f5 3. g3 Nf6 4. Bg2 Be7 5. Nf3 0-0 6. 0-0 d6 7. b3 a5 8. Nc3 Ne4 9. Qc2 Nxc3 10. Qxc3 Qe8 11. Bb2 Bf6 12. Qd2 Kh8 13. Rae1 e5 14. e4 f4 15. dxe5 dxe5 16. gxf4 exf4 17. e5 Be7 18. Kh1 Nc6 19. Nd4 Bb4 20. Bxc6 bxc6 21. Qe2 c5 22. Nf3 Bxe1 23. Rxe1 Bb7 24. Rg1 Qh5 25. Kg2 Qg4+ 26. Kf1 Qxf3 27. e6 Qxe2+ 28. Kxe2 f3+ 29. Ke3 Rg8 30. Kf4 Rae8 31. Ke5 Bc8 32. Kd5 Bxe6+ 33. Kxc5 h6 34. Rg6 Kh7 35. Rg3 Ref8 36. Kb5 Rf5+ 37. Kc6 g5 38. Kxc7 g4 39. Kd6 Bf7 40. h3 h5 41. hxg4 hxg4 42. Rg1 Rg6+ 43. Ke7 Re6+ 44. Kd7 Rg6 45. Rh1+ Rh6 46. Rg1 Bh5 47. Re1 Rf7+ 48. Kd8 Rd6+ 49. Kc8 Ra6 50. Kb8 Rb6+ 51. Kc8 a4 52. Bd4 Rc6+ 53. Kb8 Rd6 54. Bc5 Rd8# 0-1

[Event "Titled Tuesday intern op 24th Febr"]
[Site "Chess.com INT"]
[Date "2015.02.24"]
[Round "3"]
[White "Tilicheev, Viacheslav"]
[Black "Fernandez, Gumersindo"]
[Result "1-0"]
[WhiteElo "2408"]
[BlackElo "2106"]
[PlyCount "103"]
[EventDate "2015.02.24"]
[EventType "swiss (blitz)"]
[EventRounds "9"]
[EventCountry "USA"]
[SourceTitle "EXT 2021"]
[Source "ChessBase"]
[SourceDate "2020.10.23"]
[SourceVersion "1"]
[SourceVersionDate "2020.10.23"]
[SourceQuality "1"]

1. e4 e5 2. Nf3 Nc6 3. Nc3 Nf6 4. Nxe5 Nxe5 5. d4 Ng6 6. e5 Ng8 7. Bc4 d5 8. Bxd5 N8e7 9. Bb3 Qd7 10. Qf3 Qf5 11. Nb5 Qxf3 12. gxf3 Kd8 13. Bxf7 Bd7 14. Nc3 Be8 15. Bc4 c6 16. Be3 Nf5 17. 0-0-0 Bb4 18. Ne4 Kc7 19. c3 Be7 20. Ng3 Ngh4 21. Nxf5 Nxf5 22. f4 a5 23. Rdg1 Bg6 24. Kd2 Rhf8 25. Bd3 Rad8 26. h4 Nxh4 27. Bxg6 Nf3+ 28. Kd3 Nxg1 29. Be4 g5 30. f5 Nf3 31. Bxf3 Rxf5 32. Rxh7 Rxf3 33. Rxe7+ Kb8 34. Ke4 Rdf8 35. Rg7 Kc8 36. Rxg5 Rxf2 37. Bxf2 Rxf2 38. Rg8+ Kc7 39. Rg7+ Kc8 40. Kd3 Rxb2 41. Kc4 Rxa2 42. Kc5 Rc2 43. Kd6 b5 44. e6 Rxc3 45. e7 Re3 46. Rg8+ Kb7 47. e8Q Rxe8 48. Rxe8 a4 49. Kc5 a3 50. Kb4 a2 51. Re1 c5+ 52. dxc5 1-0